000
00312nam a22001217a 4500
020
_a
0-13-314088-1
082
_a
621.34 DEM'F
100
_a
DEMOW, M.F DOUZ
_9
65171
245
_a
FERROMAGNETIC CORE DESIGN OF APPLICATION HANDBOOK
260
_a
NEW JERSEY
_b
PRENTICE HALL
_c
1981
300
_a
X, 249P
942
_c
BK
999
_c
573468
_d
573468